The beacon at Alexandria /

Bibliographic Details
Main Author: Bradshaw, Gillian, 1956-
Format: Book
Language:English
Published: Boston : Houghton Mifflin, 1986.
Subjects:

MARC

Tag First Indicator Second Indicator Subfields
LEADER 00000cam a2200000 a 4500
001 in00000018398
005 20151007053230.0
008 860310s1986 maub 00011 eng
010 |a  86003017  
020 |a 0395411599 :  |c $17.95 
035 |a (OCoLC)13328006 
035 |9 AAB0889AM 
040 |a DLC  |c DLC  |d m/c  |d TXA  |d UtOrBLW 
049 |a TXAM  |c [A11465121] 
050 0 0 |a PS3552.R235  |b B4 1986 
082 0 |a 813/.54  |2 19 
100 1 |a Bradshaw, Gillian,  |d 1956- 
245 1 4 |a The beacon at Alexandria /  |c Gillian Bradshaw. 
264 1 |a Boston :  |b Houghton Mifflin,  |c 1986. 
300 |a vi, 376 pages :  |b maps ;  |c 24 cm. 
336 |a text  |b txt  |2 rdacontent 
337 |a unmediated  |b n  |2 rdamedia 
338 |a volume  |b nc  |2 rdacarrier 
500 |a Maps on lining papers. 
651 0 |a Rome  |x History  |y Empire, 284-476  |x Fiction. 
999 |a MARS 
999 f f |s fc690066-0a85-3a49-a0ba-924d46c01031  |i 6916fcca-77a7-396f-9313-cd00536a4019  |t 0 
952 f f |p ric  |a Texas A&M University  |b Rellis Campus  |c Joint Library Facility  |d Remote Storage  |t 0  |e PS3552.R235 B4 1986  |h Library of Congress classification  |i unmediated -- volume  |m A14811465121 
998 f f |a PS3552.R235 B4 1986  |t 0  |l Remote Storage